Navrhování pásů a stěn ocelových konstrukcí z hlediska stability /

Saved in:
Bibliographic Details
Main Author: Škaloud, Miroslav (Author)
Format: Book
Language:Czech
Published: Praha : Academia, 1988
Tags: Add Tag
No Tags, Be the first to tag this record!

MARC

LEADER 00000nam a22000003a 4500
001 stu28996
005 20150617225738.8
008 950524s1988----xr------------------cze-d
040 |a STU  |b slo 
041 0 |a cze 
044 |a xr 
080 |a 624.014.2 
100 1 |a Škaloud, Miroslav  |4 aut 
245 1 |a Navrhování pásů a stěn ocelových konstrukcí z hlediska stability /  |c [aut]Škaloud,Miroslav 
260 |a Praha :  |b Academia,  |c 1988 
300 |a 446 s 
996 |b 284V025905  |c V*36503/O-15252  |l VVS  |s A  |a 24  |w stu28996_0001 
996 |b 284V025904  |c V*36504/O-15252a  |l VVS  |s A  |a 24  |w stu28996_0002 
996 |b 284V025906  |c V*36505/O-15252b  |l VVS  |s A  |a 24  |w stu28996_0003